000 00387nam a2200157Ia 4500
008 221030s9999 xx 000 0 und d
020 _a8120310160
041 _aEnglish
082 _a105.23
_bLew
100 _aH. R. Lewis
245 0 _aElements of the Theory of Computation
_cby H. R. Lewis
260 _bPHI
_aNew Delhi
_c1996
300 _a466
650 _aBE Computer
942 _cBK
999 _c1033
_d1033